000
00239nam a2200097Ia 4500
008
190216s9999||||xx |||||||||||||| ||und||
100
_a
Ilamkovadikal
245
0
_a
Chilappathikara Mahakatha
260
_b
Kerala Bhasha Institute
942
_c
BK
999
_c
40378
_d
40378